عرض عادي عرض مارك
  • Bhandari, Deepak

مدخل إسم شخص

عدد التسجيلات المستخدمة في: 1

001 - رقم الضبط

  • حقل الضبط: 37521

003 - معرف رقم الضبط

  • حقل الضبط: OSt

005 - تاريخ ووقت أخر عملية

  • حقل الضبط: 20131008010802.0

008 - عناصر بيانات ثابتة الطول

  • حقل تحكم ثابت الطول: 131008|||a|||||| | ||| d

040 ## - مصدر الفهرسة

  • هيئة الفهرسة الأصلية: OSt
  • وكالة الكتابة: OSt

100 ## - مدخل -- أسم شخص

  • إسم شخص: Bhandari, Deepak

670 ## - بيانات المصدر موجوده

  • الاستشهاد بالمصدر: Work cat.: (OSt): Goyal, Khushdeep 37517, Industrial automation & robotics /, 2010.